000 00396nam a2200145 4500
999 _c510486
_d510486
008 190819b ||||| |||| 00| 0 eng d
100 _aGoyal, Ashima
_98569
245 _aOverreaction in Indian monetary policy
260 _c2019
300 _ap.12-14.
700 _aKumar, Abhishek
_98568
773 _a Economic and Political Weekly
906 _aMonetary policy - India
942 _2ddc
_cAR